000 00962nam a22002297a 4500
005 20240530110903.0
008 220209s2000 ua b 000 0 ara d
040 _aEG-CaGPL
_cEG-CaGPL
082 0 4 _221
_a307.1/
_bأ م
100 0 _aاحمد شفيق السكرى
245 1 2 _aالمدخل فى تخطيط الخدمات وتنمية المجتمعات المحلية الحضرية والريفية :
_bمفاهيم - اساليب - ادوات - نماذج تطبيقية /
_cاحمد شفيق السكرى
250 _aط.1
260 _aالقاهرة :
_bدار المعرفة الجامعية،
_c2000
300 _a420 ص؛
_c24 سم
504 _aيشتمل على ارجاعات ببليوجرافية
650 0 7 _aالتنمية الريفية
650 0 7 _aالمجتمعات الريفية
650 0 7 _aالمجتمعات الحضرية
651 _2qrmak
942 _2ddc
_cBK
999 _c66169
_d66169